| 000 | 01357nam a2200265Ia 4500 | ||
|---|---|---|---|
| 999 |
_c4019 _d4019 |
||
| 003 | OSt | ||
| 005 | 20200420131945.0 | ||
| 008 | 191128s2015 ck a gr 000 0dspa d | ||
| 020 | _a9789588944043 | ||
| 040 |
_aCO-JMCR _cCO-JMCR |
||
| 041 | 0 | _aspa | |
| 082 | 0 | 4 |
_a303.6 / _bC968p |
| 100 | 1 |
_aCulma Vargas, Edinso, _eautor _93258 |
|
| 245 | 1 | 0 |
_aPetróleo, coca, despojo territorial y organización social en Putumayo / _cEdinso Culma Vargas |
| 250 | _aPrimera edición | ||
| 260 |
_aBogotá : _bCentro de Memoria Histórica, _c2015 |
||
| 300 |
_a309 páginas : _bilustraciones ; _c23 cm. |
||
| 500 | _aIncluye referencias bibliográficas. | ||
| 505 | _aGeneralidades sobre la colonización y el poblamiento de Putumayo -- El petróleo en Putumayo -- Economía cocalera, conflicto armado, sustitución de cultivos ilícitos y organización social -- Despojo, abandono forzado y restitución de tierras y territorio e | ||
| 520 | _aEl estudio es un aporte fundamental para entender la relación entre las dinámicas de construcción socioespacial, el conflicto armado las disputas por el territorio y la forma como las organizaciones sociales y los gremios han enfrentado los retos. | ||
| 650 | 1 | 4 |
_aConflicto armado _93259 |
| 650 | 2 | 4 |
_aPutumayo _xTenencia de la tierra _93260 |
| 650 | 2 | 4 |
_aPutumayo Desplazamiento forzado _93261 |
| 942 |
_2ddc _cBK |
||